Skúsenosti z Nemecka alebo krátkodobé efekty zavedenia eura
Vplyv eura na vývoj reálnej peňažnej zásoby. Inflačné očakávania a rast miezd. Pokles zamestnanosti, resp. rast nezamestnanosti. Tlak na zvyšovanie sociálnych výdavkov. Výpadok nielen v spotrebiteľskej nálade, ale tiež v príjmoch verejných rozpočtov. Podobnosti a odlišnosti vplyvu zavedenia eura v...
Na minha lista:
| Autor principal: | |
|---|---|
| Outros Autores: | |
| Formato: | Capítulo de Livro |
| Idioma: | eslovaco |
| Assuntos: | |
| Tags: |
Sem tags, seja o primeiro a adicionar uma tag!
|
MARC
| LEADER | 00000naa$a2200000$$$4500 | ||
|---|---|---|---|
| 001 | 0075654 | ||
| 005 | 20231116084643.4 | ||
| 041 | 0 | |a slo | |
| 044 | |a SK | ||
| 245 | 1 | 0 | |a Skúsenosti z Nemecka alebo krátkodobé efekty zavedenia eura |c Radoslav Peter, Václav Rybáček |
| 520 | |a Vplyv eura na vývoj reálnej peňažnej zásoby. Inflačné očakávania a rast miezd. Pokles zamestnanosti, resp. rast nezamestnanosti. Tlak na zvyšovanie sociálnych výdavkov. Výpadok nielen v spotrebiteľskej nálade, ale tiež v príjmoch verejných rozpočtov. Podobnosti a odlišnosti vplyvu zavedenia eura v Nemecku a v Slovenskej republike. | ||
| 610 | 2 | 0 | |a mena |
| 610 | 2 | 0 | |a euro |
| 610 | 2 | 0 | |a ceny |
| 610 | 2 | 0 | |a spotrebitelia |
| 610 | 2 | 0 | |a mzdy |
| 610 | 2 | 0 | |a zásoba peňažná |
| 610 | 2 | 0 | |a inflácia očakávaná |
| 610 | 2 | 0 | |a trh práce |
| 610 | 2 | 0 | |a Nemecko |
| 610 | 2 | 0 | |a Slovensko |
| 100 | 1 | |a Peter, Radoslav | |
| 700 | 1 | |a Rybáček, Václav | |